[Event "Charleville Mezieres op 5th"]
[Site "Charleville Mezieres"]
[Date "2008.??.??"]
[Round "2"]
[White "Roule, Angela"]
[Black "Djanbekov, Kamil"]
[Result "0-1"]
[WhiteElo "1340"]
[BlackElo "1710"]
[PlyCount "62"]
[EventDate "2008.12.26"]
[EventType "swiss"]
[EventRounds "7"]
[EventCountry "FRA"]
[SourceTitle "CBM 128 Extra"]
[Source "ChessBase"]
[SourceDate "2009.03.05"]
[SourceVersion "2"]
[SourceVersionDate "2009.03.25"]
[SourceQuality "1"]

1. e4 e5 2. Nf3 Nc6 3. Bc4 d6 4. 0-0 Bg4 5. d3 Nd4 6. Nbd2 c6 7. c3 Nxf3+ 8. Nxf3 Qe7 9. Be3 h5 10. h3 g6 11. hxg4 hxg4 12. Ng5 f6 13. Bf7+ Kd8 14. Qxg4 fxg5 15. Bxg8 Bh6 16. Be6 Kc7 17. d4 Qh7 18. f3 exd4 19. cxd4 Rae8 20. d5 Bg7 21. Rab1 Re7 22. Qxg5 Rhe8 23. Bxa7 b6 24. dxc6 Bd4+ 25. Rf2 Bxf2+ 26. Kxf2 Rxe6 27. Qb5 Qh4+ 28. Ke3 Rxe4+ 29. fxe4 Qxe4+ 30. Kf2 Qe3+ 31. Kf1 Rf8+ 0-1